| 000 | 00382nam a2200109Ia 4500 | ||
|---|---|---|---|
| 008 | 170221s9999 xx 000 0 und d | ||
| 100 | _aPiyadasa Edirisuriya | ||
| 245 | 4 | _aThe Predictive Power of Financial Variables: New Evidence from Australia | |
| 245 | _cPiyadasa Edirisuriya | ||
| 650 | _xBusiness | ||
| 856 | _uhttp://ro.uow.edu.au/cgi/viewcontent.cgi?article=1544&context=aabfj | ||
| 999 |
_c307927 _d307927 |
||